Cuba en la geopolítica estadounidense a finales del siglo XIX /
Uloženo v:
| Hlavní autor: | |
|---|---|
| Médium: | Text |
| Témata: | |
| Tagy: |
Přidat tag
Žádné tagy, Buďte první, kdo vytvoří štítek k tomuto záznamu!
|
MARC
| LEADER | 00000 a a2200000 04500 | ||
|---|---|---|---|
| 001 | 18495 | ||
| 003 | |||
| 040 | |||
| 100 | |a Araúz, Celestino Andrés | ||
| 245 | |a Cuba en la geopolítica estadounidense a finales del siglo XIX / |c Celestino Andrés Araúz | ||
| 650 | |a GUERRA | ||
| 650 | |a IMPERIALISMO | ||
| 650 | |a RELACIONES ECONOMICAS | ||
| 650 | |a INDEPENDENCIA | ||
| 650 | |a REVOLUCION | ||
| 773 | |g número 99; páginas 95-114 | ||
| 999 | |c 23248 |d 23248 | ||
